Pokemon: Kanto Dex Quiz - Statistics

General Stats
  • This quiz has been taken 50 times
  • The average score is 78 of 151
Answer Stats
Dex No. Answer % Correct
#001 Bulbasaur
95%
#006 Charizard
86%
#004 Charmander
86%
#002 Ivysaur
86%
#003 Venusaur
86%
#009 Blastoise
84%
#005 Charmeleon
84%
#007 Squirtle
84%
#008 Wartortle
84%
#010 Caterpie
78%
#011 Metapod
78%
#015 Beedrill
76%
#012 Butterfree
76%
#018 Pidgeot
76%
#016 Pidgey
76%
#025 Pikachu
76%
#026 Raichu
76%
#013 Weedle
76%
#014 Kakuna
73%
#151 Mew
73%
#150 Mewtwo
70%
#017 Pidgeotto
70%
#022 Fearow
68%
#034 Nidoking
68%
#031 Nidoqueen
68%
#029 Nidoran (F)
68%
#032 Nidoran (M)
68%
#030 Nidorina
68%
#033 Nidorino
68%
#020 Raticate
68%
#019 Rattata
68%
#021 Spearow
68%
#024 Arbok
65%
#023 Ekans
65%
#144 Articuno
62%
#044 Gloom
62%
#146 Moltres
62%
#043 Oddish
62%
#027 Sandshrew
62%
#028 Sandslash
62%
#145 Zapdos
62%
#063 Abra
59%
#065 Alakazam
59%
#092 Ghastly
59%
#093 Haunter
59%
#064 Kadabra
59%
#129 Magikarp
59%
#045 Vileplume
59%
#148 Dragonair
57%
#149 Dragonite
57%
#147 Dratini
57%
#133 Eevee
57%
#094 Gengar
57%
#074 Geodude
57%
#075 Graveler
57%
#130 Gyarados
57%
#143 Snorlax
57%
#069 Bellsprout
54%
#076 Golem
54%
#088 Grimer
54%
#135 Jolteon
54%
#089 Muk
54%
#037 Vulpix
54%
#070 Weepinbell
54%
#036 Clefable
51%
#035 Clefairy
51%
#087 Dewgong
51%
#051 Dugtrio
51%
#136 Flareon
51%
#067 Machoke
51%
#066 Machop
51%
#095 Onix
51%
#086 Seel
51%
#121 Starmie
51%
#120 Staryu
51%
#134 Vaporeon
51%
#071 Victreebell
51%
#059 Arcanine
49%
#050 Diglett
49%
#058 Growlithe
49%
#039 Jigglypuff
49%
#140 Kabuto
49%
#109 Koffing
49%
#081 Magnemite
49%
#119 Seaking
49%
#110 Weezing
49%
#113 Chansey
46%
#132 Ditto
46%
#101 Electrode
46%
#118 Goldeen
46%
#141 Kabutops
46%
#108 Lickitung
46%
#082 Magneton
46%
#112 Rhydon
46%
#111 Rhyhorn
46%
#123 Scyther
46%
#072 Tentacool
46%
#040 Wigglytuff
46%
#115 Kangaskhan
43%
#131 Lapras
43%
#126 Magmar
43%
#052 Meowth
43%
#138 Omanyte
43%
#128 Tauros
43%
#073 Tentacruel
43%
#100 Voltorb
43%
#041 Zubat
43%
#142 Aerodactyl
41%
#096 Drowzee
41%
#125 Electabuzz
41%
#042 Golbat
41%
#106 Hitmonlee
41%
#097 Hypno
41%
#122 Mr. Mime
41%
#038 Ninetails
41%
#139 Omastar
41%
#077 Ponyta
41%
#057 Primeape
41%
#078 Rapidash
41%
#091 Cloyster
38%
#084 Doduo
38%
#107 Hitmonchan
38%
#056 Mankey
38%
#046 Paras
38%
#047 Parasect
38%
#080 Slowbro
38%
#079 Slowpoke
38%
#114 Tangela
38%
#049 Venomoth
38%
#085 Dodrio
35%
#103 Exeggutor
35%
#055 Golduck
35%
#116 Horsea
35%
#060 Poliwag
35%
#061 Poliwhirl
35%
#062 Poliwrath
35%
#137 Porygon
35%
#054 Psyduck
35%
#048 Venonat
35%
#104 Cubone
32%
#102 Exeggcute
32%
#124 Jinx
32%
#105 Marowak
30%
#127 Pinsir
30%
#090 Shellder
30%
#083 Farfetch'd
27%
#098 Krabby
22%
#099 Kingler
19%
#117 Kingdra
16%
#068 Maschamp
3%
#053 Persaian
0%
No matching quizzes found
Score Distribution
Percent of People with Each Score
Percentile by Number Answered
Your Score History
You have not taken this quiz